សង្ខេបរាមកេរ្ត៏ / (Record no. 6613)
[ view plain ]
| 000 -LEADER | |
|---|---|
| fixed length control field | 02833nam a22002417a 4500 |
| 001 - CONTROL NUMBER | |
| control field | 6613 |
| 003 - CONTROL NUMBER IDENTIFIER | |
| control field | FISKH |
| 005 - DATE AND TIME OF LATEST TRANSACTION | |
| control field | 20250513144619.0 |
| 008 - FIXED-LENGTH DATA ELEMENTS--GENERAL INFORMATION | |
| fixed length control field | 250513b cb ||||| |||| 00| 0 eng d |
| 040 ## - CATALOGING SOURCE | |
| Original cataloging agency | FISKH |
| Language of cataloging | khr |
| Transcribing agency | FISKH |
| Modifying agency | FISKH |
| 082 ## - DEWEY DECIMAL CLASSIFICATION NUMBER | |
| Classification number | 294.5922 |
| 100 ## - MAIN ENTRY--PERSONAL NAME | |
| Personal name | Chhaya Vong ,Sisovath |
| 245 ## - TITLE STATEMENT | |
| Title | សង្ខេបរាមកេរ្ត៏ / |
| Statement of responsibility, etc. | អ្នកអង្គម្ចាស់ សីសុវត្ថ វឌ្ឍយាវង្ស |
| 250 ## - EDITION STATEMENT | |
| Edition statement | បោះពុម្ពលើកទី១ |
| 260 ## - PUBLICATION, DISTRIBUTION, ETC. | |
| Place of publication, distribution, etc. | ភ្នំពេញ : |
| Date of publication, distribution, etc. | ១៩៣៧ . |
| 300 ## - PHYSICAL DESCRIPTION | |
| Extent | 26 pages : |
| Other physical details | illustrations ; |
| Dimensions | 21 cm . |
| 520 ## - SUMMARY, ETC. | |
| Summary, etc. | រឿងនេះ ជាស្នាដៃដ៏ល្បីល្បាញក្នុងប្រវត្តិសាស្រ្តកម្ពុជា។ រឿងនេះជាសេចក្តីប្រែនៃរឿងរបស់ឥណ្ឌា ដែលជាស្នាដៃនិពន្ធរបស់លោក វាល្មិកិរវាង ព.ស ប្រមាណ៥០ឆ្នាំ ហើយផ្សាយចចេញពីតំបន់មួយដោយមានលំនាំតាមទំនៀមទំលាប់ តាមបែបទំនងស្រុករបស់ខ្លួន ។ ប៉ុន្តែរឿងរាមកេរ្ត៏ខ្មែរយើងមិនបានលើកតំកើងព្រះរាមថាជាអវតាទី៧ របស់ព្រះវិស្នុរដែលមានភាវចុះមកកំចាត់សភាវអាក្រក់នេះទេ តែគីជាដំណើររឿងរបស់មនុស្សសាមញ្ញក្នុងលោកិយយើងនេះ ហើយសរសេរចងក្រងជាពាក្យកាព្យឃ្លោង ភាសាសំស្រ្កឺតក្លាយ និងបាលីថ្លែងពីរឿងចំបាំងយ៉ាងធំ ។ |
| 520 ## - SUMMARY, ETC. | |
| Summary, etc. | This is a renowned work in the history of Cambodia. The story is an adaptation of an Indian epic, originally composed by Valmiki around 50 B.C. It was passed down from one region to another, adapted according to local customs and storytelling traditions.<br/><br/>However, the Khmer version of the Ramayana does not elevate Rama as the seventh avatar of Vishnu who descended to destroy evil, as in the Hindu tradition. Instead, it portrays the tale as a journey of ordinary human beings within the worldly realm. It is composed in poetic form using Sanskritized Khmer and Pali, describing grand battles and epic adventures. |
| 650 ## - SUBJECT ADDED ENTRY--TOPICAL TERM | |
| Topical term or geographic name entry element | រាមកេរ្ត៏ |
| Form subdivision | អក្សរសិល្ប៏បុរាណ |
| 650 ## - SUBJECT ADDED ENTRY--TOPICAL TERM | |
| Topical term or geographic name entry element | Ream Ke |
| Form subdivision | Ancient Literature |
| 942 ## - ADDED ENTRY ELEMENTS (KOHA) | |
| Source of classification or shelving scheme | Dewey Decimal Classification |
| Koha item type | Khmer Books |
| Suppress in OPAC | No |
| Withdrawn status | Lost status | Source of classification or shelving scheme | Damaged status | Not for loan | Collection | Home library | Current library | Shelving location | Date acquired | Total Checkouts | Full call number | Barcode | Date last seen | Copy number | Price effective from | Koha item type |
|---|---|---|---|---|---|---|---|---|---|---|---|---|---|---|---|---|
| Dewey Decimal Classification | Khmer Language Books / សៀវភៅភាសាខ្មែរ | Footprints International School Library Network Toul Tom Poung Campus | Footprints International School Library Network Toul Tom Poung Campus | TTP Secondary Khmer Bookshelves | 05/13/2025 | VAT 294.5922 | FISSE02328 | 05/13/2025 | 1 | 05/13/2025 | Khmer Books | |||||
| Dewey Decimal Classification | Khmer Language Books / សៀវភៅភាសាខ្មែរ | Footprints International School Library Network Toul Tom Poung Campus | Footprints International School Library Network Toul Tom Poung Campus | TTP Secondary Khmer Bookshelves | 05/16/2025 | VAT 294.5922 | 2025-1312 | 05/16/2025 | 2 | 05/16/2025 | Khmer Books |
